00386nam a2200133Ia 4500020001800000082001500018245005900033260003100092300001500123504001900138650005200157700001900209700002400228 a0-470-98408-2 a303.4 SOC; 0aSocial change: exploration, diagnoses, and conjectures aNew YorkbJohn Wileyc1976 axxv, 985p. aIncludes index aSocial Change - Cross cultural studies - Europe aHirsch, Walter aZollschan, George K